000 00887nam a2200265 a 4500
001 61425
003 BD-RjUL
005 20211209080949.0
008 170117s1950 nyu 00000 eng d
035 _a(BD-RjUL)61549
035 _a788954
040 _aANL
_beng
_dANL
_cBD-RjUL
041 _aeng
082 0 _a784.30973
_223
_bWEB 1950
100 1 _aWells, Evelyn Kendrick.
_9183110
245 1 4 _aThe ballad tree :
_ba study of British and American ballads, their folklore, verse and music, together with sixty traditional ballads and their tunes.
_c Evelyn Kendrick Wells
260 _aNew York :
_bRonald Press Co,
_c1950.
300 _aix, 370 p :
_bill. ;
_c24 cm.
504 _aBibliography: p. 353-360.
650 0 _aBallads, English.
_9183111
650 0 _aSongs
_zUnited States.
_9183112
650 0 _aBallads, American.
_9183113
942 _2ddc
_cBK
999 _c61425
_d61425